000 nam a22 7a 4500
999 _c9907
_d9907
008 180208b ||||| |||| 00| 0 eng d
100 _aMehta, A
_95976
245 _aTell me about festivals about India
260 _aNew Delhi
_bMohit Publisher
_c2011